<?xml version="1.0" encoding="UTF-8"?>
<record
    xmlns:xsi="http://www.w3.org/2001/XMLSchema-instance"
    xsi:schemaLocation="http://www.loc.gov/MARC21/slim http://www.loc.gov/standards/marcxml/schema/MARC21slim.xsd"
    xmlns="http://www.loc.gov/MARC21/slim">

  <leader>02551cam a22003134a 4500</leader>
  <datafield tag="020" ind1=" " ind2=" ">
    <subfield code="a">3905676443</subfield>
  </datafield>
  <datafield tag="020" ind1=" " ind2=" ">
    <subfield code="a">9783905676440</subfield>
  </datafield>
  <datafield tag="041" ind1=" " ind2=" ">
    <subfield code="a">English</subfield>
  </datafield>
  <datafield tag="082" ind1=" " ind2=" ">
    <subfield code="a">613</subfield>
    <subfield code="b">WUL</subfield>
  </datafield>
  <datafield tag="245" ind1="0" ind2="0">
    <subfield code="a">Ancestors, spirits, and healing in Africa and Asia :</subfield>
  </datafield>
  <datafield tag="260" ind1=" " ind2=" ">
    <subfield code="a">Geneva, Switzerland :</subfield>
    <subfield code="b">Lutheran World Federation,</subfield>
    <subfield code="c">c2005.</subfield>
  </datafield>
  <datafield tag="300" ind1=" " ind2=" ">
    <subfield code="a">183 p. ;</subfield>
  </datafield>
  <datafield tag="490" ind1="1" ind2=" ">
    <subfield code="a">LWF studies,</subfield>
  </datafield>
  <datafield tag="500" ind1=" " ind2=" ">
    <subfield code="a">Papers from two Lutheran World Federation study seminars: "In Dialogue with Indigenous Peoples in Asia on Ancestors, Spirits and Healing," Sept. 15-19, 2004, Sabah Theological Seminary, Kota Kinabalu, Malaysia; and, "Ancestors, Spirits and Healing in African Religion : Challenges to the Lutheran Ministry," Sept. 27-30, 2004, Johannesburg, South Africa.</subfield>
  </datafield>
  <datafield tag="500" ind1=" " ind2=" ">
    <subfield code="a">"May 2005."</subfield>
  </datafield>
  <datafield tag="505" ind1="0" ind2=" ">
    <subfield code="a">Ancestors and healing in African religion : a South African context / Nokuzola Mndende -- Healing from the traumas of crime in South Africa : interaction of African religion with Christianity as perceived by African female traditional healers / Isabel Apawo Phiri -- The nature spirits in African culture : a Nigerian perspective / Asriel S.T. Myatafadi -- Ancestors and spirits in tribal spirituality in northeast India / Limatula Longkumer -- Healing in Asian indigenous spiritualities : the Rungus of Borneo / Marunsai Bin Dawai -- Blood sacrifice in peninsular Malaysian folk Hinduism and the doctrine of justification / Solomon Rajah -- Christ and the ancestors in African Christian theology / Sylvester B. Kahakwa -- Freedom from fear : coping with the ancestors' wrath and the fear of avenging spirits / Reinhard Veller  -- The challenges of the healing ministry : the Lutheran Church in Nigeria / Pukumah H. Yakubu -- Spirits : the biblical view / Monica J. Melanchthon -- The inclusiveness and exclusiveness of the gospel of Christ in the light of the many Asian spiritualities : a Lutheran perspective / Wilfred J. Samuel -- In dialogue with indigenous peoples in Asia on ancestors, spirits and healing : a study document to be discussed and complemented -- Ancestors, spirits and healing in African religion : challenges to the Lutheran ministry : a study document to be discussed and complemented.</subfield>
  </datafield>
  <datafield tag="650" ind1=" " ind2="0">
    <subfield code="a">Christianity and other religions</subfield>
  </datafield>
  <datafield tag="650" ind1=" " ind2="0">
    <subfield code="a">Christianity and other religions</subfield>
  </datafield>
  <datafield tag="650" ind1=" " ind2="0">
    <subfield code="a">Ancestor worship</subfield>
  </datafield>
  <datafield tag="650" ind1=" " ind2="0">
    <subfield code="a">Ancestor worship</subfield>
  </datafield>
  <datafield tag="650" ind1=" " ind2="0">
    <subfield code="a">Spiritualism</subfield>
  </datafield>
  <datafield tag="650" ind1=" " ind2="0">
    <subfield code="a">Spiritualism</subfield>
  </datafield>
  <datafield tag="650" ind1=" " ind2="0">
    <subfield code="a">Healing</subfield>
  </datafield>
  <datafield tag="650" ind1=" " ind2="0">
    <subfield code="a">Healing</subfield>
  </datafield>
  <datafield tag="650" ind1=" " ind2="7">
    <subfield code="a">Plastik</subfield>
  </datafield>
  <datafield tag="650" ind1=" " ind2="7">
    <subfield code="a">Kunst</subfield>
  </datafield>
  <datafield tag="700" ind1="1" ind2=" ">
    <subfield code="a">Wulfhorst, Ingo.</subfield>
  </datafield>
  <datafield tag="942" ind1=" " ind2=" ">
    <subfield code="c">BK</subfield>
  </datafield>
  <datafield tag="952" ind1=" " ind2=" ">
    <subfield code="0">0</subfield>
    <subfield code="1">0</subfield>
    <subfield code="4">0</subfield>
    <subfield code="7">0</subfield>
    <subfield code="a">HMI</subfield>
    <subfield code="b">HMI</subfield>
    <subfield code="c">GEN</subfield>
    <subfield code="d">2018-08-07</subfield>
    <subfield code="l">1</subfield>
    <subfield code="o">291 WUL</subfield>
    <subfield code="p">11-1837</subfield>
    <subfield code="r">2023-07-12</subfield>
    <subfield code="s">2023-07-05</subfield>
    <subfield code="w">2026-01-16</subfield>
    <subfield code="y">BK</subfield>
  </datafield>
  <datafield tag="999" ind1=" " ind2=" ">
    <subfield code="c">21308</subfield>
    <subfield code="d">21308</subfield>
  </datafield>
</record>
